Normal view
MARC view
- López Novo, Joaquín Pedro
Entry Nombre de persona
001 - NÚMERO DE CONTROL
- campo de control: 1635
003 - IDENTIFICADOR DEL NÚMERO DE CONTROL
- campo de control: ES-MaFIAP
005 - FECHA Y HORA DE LA ÚLTIMA TRANSACCIÓN
- campo de control: 20231120093731.0
008 - DATOS DE LONGITUD FIJA
- campo de control de longitud fija: 231120|| aca||aabn | a|a d
040 ## - FUENTE DE LA CATALOGACIÓN
- Centro catalogador/agencia de origen: ES-MaFIAP
- Centro/agencia transcriptor: ES-MaFIAP
100 ## - ENCABEZAMIENTO-NOMBRE DE PERSONA
- Nombre de persona: López Novo, Joaquín Pedro
670 ## - FUENTE DE DATOS ENCONTRADOS
- Cita de la fuente: Work cat.: (ES-MaFIAP)606: Pérez Díaz, Víctor 1938- XX1014172 1634, El tercer sector social en España, D.L. 2003





